000 00546nam a2200205Ia 4500
005 20250508160853.0
008 008 250505s9999 xx 000 0 eng d
037 _aTextual
040 _aFEDL
_beng
_cFEDL
041 _aeng
_2eng
084 _a301.15, SME
_qFEDL
100 _aSmelser Neil J.
245 0 _aPersonality and social systems
250 _a2nd
260 _aNew York, USA
_bJohn Wiley and Sons
_c1970
300 _axi,701p.
650 _aSociology
942 _cTEXL
_h301.15, SME
999 _c1367099
_d1367099